Činnosť a výsledky Rada Európy
Saved in:
| Format: | Book |
|---|---|
| Language: | Slovak |
| Published: |
Bratislava
Informačné a dokumentačné stredisko o Rade Európy
1999
|
| Edition: | 2. uprav. vyd. |
| Subjects: | |
| Tags: |
No Tags, Be the first to tag this record!
|
MARC
| LEADER | 00000nam a2200000 4500 | ||
|---|---|---|---|
| 001 | c117154 | ||
| 005 | 20221102132536.4 | ||
| 020 | |a 80-967737-9-8 | ||
| 041 | 0 | |a slo | |
| 044 | |a SK | ||
| 245 | 1 | 0 | |a Činnosť a výsledky |b Rada Európy |
| 250 | |a 2. uprav. vyd. | ||
| 264 | 1 | |a Bratislava |b Informačné a dokumentačné stredisko o Rade Európy |c 1999 | |
| 300 | |a 90 s. | ||
| 610 | 2 | 0 | |a organizácie medzinárodné |
| 610 | 2 | 0 | |a ochrana práv občanov |
| 610 | 2 | 0 | |a práva ľudské |
| 610 | 2 | 0 | |a Európa |
| 610 | 2 | 0 | |a prostredie životné |
| 610 | 2 | 0 | |a plánovanie regionálne |
| 610 | 2 | 0 | |a spolupráca medzinárodná |
| 610 | 2 | 0 | |a demokracia |
| 610 | 2 | 0 | |a kultúra |
| 610 | 2 | 0 | |a mládež |
| 610 | 2 | 0 | |a Rada Európy |